| 000 | 00356nam a2200133Ia 4500 | ||
|---|---|---|---|
| 008 | 220204s9999 xx 000 0 und d | ||
| 082 |
_a54:61:679.867 _bMIC.1 |
||
| 100 | _aCHISSICK, S S | ||
| 245 | 0 | _aAsbestos. V 1. Properties applications and hazards. | |
| 260 |
_aChichester _bWiley _c1979 |
||
| 650 | _aAsbestos | ||
| 700 | _aMICHAELS, L | ||
| 942 | _cBK | ||
| 999 |
_c34683 _d34683 |
||